I scream for ice cream / (Record no. 3935)

MARC details
000 -LEADER
fixed length control field 02701cam a22006377i 4500
001 - CONTROL NUMBER
control field 3935
003 - CONTROL NUMBER IDENTIFIER
control field FISKH
005 - DATE AND TIME OF LATEST TRANSACTION
control field 20250602091751.0
008 - FIXED-LENGTH DATA ELEMENTS--GENERAL INFORMATION
fixed length control field 140925s2015 nyua j 000 1 eng d
010 ## - LIBRARY OF CONGRESS CONTROL NUMBER
LC control number 2014952531
020 ## - INTERNATIONAL STANDARD BOOK NUMBER
International Standard Book Number 9780062294197
Qualifying information (trade binding)
020 ## - INTERNATIONAL STANDARD BOOK NUMBER
International Standard Book Number 0062294199
Qualifying information (trade binding)
020 ## - INTERNATIONAL STANDARD BOOK NUMBER
International Standard Book Number 9780062294180
Qualifying information (paperback)
020 ## - INTERNATIONAL STANDARD BOOK NUMBER
International Standard Book Number 0062294180
Qualifying information (paperback)
035 ## - SYSTEM CONTROL NUMBER
System control number (OCoLC)ocn885225394
040 ## - CATALOGING SOURCE
Original cataloging agency YDXCP
Language of cataloging eng
Transcribing agency YDXCP
Modifying agency BTCTA
-- OCLCQ
-- JAO
-- BDX
-- OCLCQ
-- JAO
-- OCLCQ
-- KYB
-- VPW
-- OI6
-- CGP
Description conventions rda
Modifying agency JSE
-- OCLCO
-- OCLCF
-- OCLCO
-- NDS
-- OCLCO
-- OCL
-- OCLCO
-- DLC
042 ## - AUTHENTICATION CODE
Authentication code lccopycat
050 00 - LIBRARY OF CONGRESS CALL NUMBER
Classification number PZ7.D79
Item number Ias 2015
082 04 - DEWEY DECIMAL CLASSIFICATION NUMBER
Classification number [E]
Edition number 23
100 1# - MAIN ENTRY--PERSONAL NAME
Personal name Scotton, Rob
245 10 - TITLE STATEMENT
Title I scream for ice cream /
Statement of responsibility, etc. based on the creation of Rob Scotton
260 ## - PUBLICATION, DISTRIBUTION, ETC.
Place of publication, distribution, etc. New York :
Name of publisher, distributor, etc. Harper Collins,
Date of publication, distribution, etc. 2015
300 ## - PHYSICAL DESCRIPTION
Extent 28 pages :
Other physical details color illustrations ;
Dimensions 24 cm.
336 ## - CONTENT TYPE
Content type term text
Source rdacontent
337 ## - MEDIA TYPE
Media type term unmediated
Source rdamedia
338 ## - CARRIER TYPE
Carrier type term volume
Source rdacarrier
490 1# - SERIES STATEMENT
Series statement I can read! 1, Beginning reading
500 ## - GENERAL NOTE
General note At head of title: Splat the Cat.
500 ## - GENERAL NOTE
General note "Based on the creation by Rob Scotton"--Cover.
505 ## - FORMATTED CONTENTS NOTE
Formatted contents note J<br/>
520 ## - SUMMARY, ETC.
Summary, etc. Splat and his class go on a field trip to an ice cream factory. Splat can barely sit still during the bus ride. He's imagining the mountain of ice cream he thinks he'll get to eat! But when Splat gets there, that mountain becomes more of an avalanche. It's up to Splat and his classmates to save the day! Beginning readers will practice the -eam sound in this easy-to-read addition to the Splat series.
521 1# - TARGET AUDIENCE NOTE
Target audience note 470 <br/>
Source Lexile AD
521 0# - TARGET AUDIENCE NOTE
Target audience note J<br/>
Source Raz-Plus<br/>
650 #0 - SUBJECT ADDED ENTRY--TOPICAL TERM
Topical term or geographic name entry element Cats
Form subdivision Juvenile fiction.
650 #0 - SUBJECT ADDED ENTRY--TOPICAL TERM
Topical term or geographic name entry element Ice cream, ices, etc.
Form subdivision Juvenile fiction.
650 #0 - SUBJECT ADDED ENTRY--TOPICAL TERM
Topical term or geographic name entry element School field trips
Form subdivision Juvenile fiction.
650 #0 - SUBJECT ADDED ENTRY--TOPICAL TERM
Topical term or geographic name entry element Splat the Cat (Fictitious character)
650 #1 - SUBJECT ADDED ENTRY--TOPICAL TERM
Topical term or geographic name entry element Cats
Form subdivision Fiction.
650 #1 - SUBJECT ADDED ENTRY--TOPICAL TERM
Topical term or geographic name entry element Ice cream, ices, etc.
Form subdivision Fiction.
650 #1 - SUBJECT ADDED ENTRY--TOPICAL TERM
Topical term or geographic name entry element School field trips
Form subdivision Fiction.
650 #1 - SUBJECT ADDED ENTRY--TOPICAL TERM
Topical term or geographic name entry element Humorous stories.
650 #7 - SUBJECT ADDED ENTRY--TOPICAL TERM
Topical term or geographic name entry element Cats.
Source of heading or term fast
Authority record control number or standard number (OCoLC)fst00849374
650 #7 - SUBJECT ADDED ENTRY--TOPICAL TERM
Topical term or geographic name entry element Ice cream, ices, etc.
Source of heading or term fast
Authority record control number or standard number (OCoLC)fst00966558
650 #7 - SUBJECT ADDED ENTRY--TOPICAL TERM
Topical term or geographic name entry element School field trips.
Source of heading or term fast
Authority record control number or standard number (OCoLC)fst01107418
650 #7 - SUBJECT ADDED ENTRY--TOPICAL TERM
Topical term or geographic name entry element Splat the Cat (Fictitious character)
Source of heading or term fast
Authority record control number or standard number (OCoLC)fst01895503
655 #7 - INDEX TERM--GENRE/FORM
Genre/form data or focus term Fiction.
Source of term fast
Authority record control number or standard number (OCoLC)fst01423787
655 #7 - INDEX TERM--GENRE/FORM
Genre/form data or focus term Humorous fiction.
Source of term fast
Authority record control number or standard number (OCoLC)fst01726649
655 #7 - INDEX TERM--GENRE/FORM
Genre/form data or focus term Juvenile works.
Source of term fast
Authority record control number or standard number (OCoLC)fst01411637
655 #7 - INDEX TERM--GENRE/FORM
Genre/form data or focus term Humorous fiction.
Source of term lcgft
700 1# - ADDED ENTRY--PERSONAL NAME
Personal name Scotton, Rob,
Relator term creator.
700 1# - ADDED ENTRY--PERSONAL NAME
Personal name Farley, Rick,
Relator term illustrator.
700 1# - ADDED ENTRY--PERSONAL NAME
Personal name Eberz, Robert,
Relator term illustrator.
906 ## - LOCAL DATA ELEMENT F, LDF (RLIN)
a 7
b cbc
c copycat
d 2
e ncip
f 20
g y-gencatlg
942 ## - ADDED ENTRY ELEMENTS (KOHA)
Source of classification or shelving scheme Dewey Decimal Classification
Koha item type Books
Suppress in OPAC No
Holdings
Withdrawn status Lost status Source of classification or shelving scheme Damaged status Not for loan Collection Home library Current library Shelving location Date acquired Total Checkouts Full call number Barcode Date last seen Date last checked out Copy number Price effective from Koha item type
    Dewey Decimal Classification     Juvenile Fiction Footprints International School Library Network Toul Kork Campus Footprints International School Library Network Toul Kork Campus TK Primary Library Room(4th Floor), Bookcase 1&2, Shelves 1-16, Dark Blue Books 05/24/2024 1 SCO 813.6 PZ7.D79 FISBK02593 12/18/2024 12/11/2024 1 05/24/2024 Books
    Dewey Decimal Classification     Juvenile Fiction Footprints International School Library Network Toul Kork Campus Footprints International School Library Network Toul Kork Campus TK Primary Library Room(4th Floor), Bookcase 1&2, Shelves 1-16, Dark Blue Books 06/02/2025   SCO 813.6 PZ7.D79 FISBK02594 06/02/2025   2 06/02/2025 Books